[Event "TUR-chT 2nd League"]
[Site "Denizli"]
[Date "2024.07.19"]
[Round "7.2"]
[White "Abdullayev, Azer"]
[Black "Akdogan, Alperen"]
[Result "1/2-1/2"]
[WhiteElo "1968"]
[BlackElo "2179"]
[PlyCount "151"]
[EventDate "2024.07.15"]
[EventType "team-swiss"]
[EventRounds "9"]
[EventCountry "TUR"]
[SourceTitle "EXT 2025"]
[Source "ChessBase"]
[SourceDate "2024.10.14"]
[SourceVersion "1"]
[SourceVersionDate "2024.10.14"]
[SourceQuality "1"]
[WhiteTeam "Manisa Turkuaz"]
[BlackTeam "Resul Caner"]
[WhiteTeamCountry "TUR"]
[BlackTeamCountry "TUR"]

1. d4 Nf6 2. c4 e6 3. Nf3 Bb4+ 4. Bd2 a5 5. g3 d6 6. Bg2 Nbd7 7. 0-0 e5 8. Nc3 0-0 9. Qc2 Re8 10. e4 exd4 11. Nxd4 c6 12. Rad1 Ne5 13. b3 Bc5 14. Bc1 Bd7 15. Nf5 Qc7 16. Bg5 Bxf5 17. exf5 Nfd7 18. Ne4 f6 19. Bc1 Rad8 20. a3 Nb8 21. h3 Bb6 22. b4 axb4 23. axb4 Kh8 24. Kh1 Na6 25. Qb3 d5 26. cxd5 cxd5 27. Rxd5 Rxd5 28. Qxd5 Nxb4 29. Qb5 Nbc6 30. Ba3 Ra8 31. Bc5 Bxc5 32. Nxc5 Nd4 33. Qxb7 Qxb7 34. Bxb7 Rb8 35. g4 Nb3 36. Nxb3 Rxb7 37. Nc5 Rb4 38. f4 Nc6 39. Re1 Rb8 40. Kg2 h6 41. Kg3 Kh7 42. Re6 Rc8 43. Rd6 Nd4 44. Ne6 Rc3+ 45. Kf2 Nc6 46. Rd7 Rxh3 47. Rxg7+ Kh8 48. Rf7 h5 49. g5 fxg5 50. fxg5 Ne5 51. Rf8+ Kh7 52. Kg2 Rh4 53. Re8 Rg4+ 54. Kf1 h4 55. Re7+ Kg8 56. f6 h3 57. Rg7+ Kh8 58. g6 Nxg6 59. Nf8 Rf4+ 60. Kg1 Nxf8 61. Rg3 Rxf6 62. Rxh3+ Kg7 63. Kg2 Ng6 64. Ra3 Rf5 65. Kg3 Kh6 66. Kg4 Rg5+ 67. Kf3 Kh5 68. Ra1 Rf5+ 69. Ke4 Rf4+ 70. Ke3 Rb4 71. Rg1 Ne5 72. Rg8 Ng6 73. Rd8 Kg5 74. Rd5+ Kf6 75. Rd4 Rxd4 76. Kxd4 1/2-1/2

[Event "TUR-chT 2nd League"]
[Site "Denizli"]
[Date "2024.07.16"]
[Round "2.11"]
[White "Abdullayev, Azer"]
[Black "Akinci, Emirhan"]
[Result "1-0"]
[WhiteElo "1968"]
[BlackElo "1742"]
[PlyCount "21"]
[EventDate "2024.07.15"]
[EventType "team-swiss"]
[EventRounds "9"]
[EventCountry "TUR"]
[SourceTitle "EXT 2025"]
[Source "ChessBase"]
[SourceDate "2024.10.14"]
[SourceVersion "1"]
[SourceVersionDate "2024.10.14"]
[SourceQuality "1"]
[WhiteTeam "Manisa Turkuaz"]
[BlackTeam "Denizli Gelisim"]
[WhiteTeamCountry "TUR"]
[BlackTeamCountry "TUR"]

1. e4 c5 2. Nf3 e6 3. d4 cxd4 4. Nxd4 a6 5. Bd3 Nf6 6. 0-0 d5 7. e5 Nfd7 8. Nxe6 fxe6 9. Qh5+ Ke7 10. Bg5+ Nf6 11. exf6+ 1-0

[Event "TUR-chT 2nd League"]
[Site "Denizli"]
[Date "2024.07.15"]
[Round "1.5"]
[White "Tahaoglu, Ugur Barkin"]
[Black "Abdullayev, Azer"]
[Result "1-0"]
[WhiteElo "1881"]
[BlackElo "1968"]
[PlyCount "82"]
[EventDate "2024.07.15"]
[EventType "team-swiss"]
[EventRounds "9"]
[EventCountry "TUR"]
[SourceTitle "EXT 2025"]
[Source "ChessBase"]
[SourceDate "2024.10.14"]
[SourceVersion "1"]
[SourceVersionDate "2024.10.14"]
[SourceQuality "1"]
[WhiteTeam "Istanbul Satranc"]
[BlackTeam "Manisa Turkuaz"]
[WhiteTeamCountry "TUR"]
[BlackTeamCountry "TUR"]

1. d4 d5 2. Nf3 Nf6 3. c4 e6 4. cxd5 exd5 5. Qc2 Be7 6. Nc3 c6 7. Bg5 g6 8. e3 Bf5 9. Bd3 Bxd3 10. Qxd3 Nbd7 11. Bh6 Ng4 12. Bf4 Qb6 13. 0-0 0-0 14. Rab1 a5 15. Rfc1 Qa6 16. Qd1 a4 17. b3 axb3 18. axb3 Rfc8 19. b4 b5 20. e4 dxe4 21. Ng5 Ngf6 22. Qb3 Rf8 23. Ngxe4 Nb6 24. Be5 Nfd5 25. Nxd5 Nxd5 26. Qh3 Qc8 27. Qh6 f6 28. Ng5 Rf7 29. Nxf7 Bf8 30. Qh4 Kxf7 31. Qxh7+ Bg7 32. Bg3 Qg4 33. Qh4 Qxh4 34. Bxh4 Ra6 35. Bg3 Bf8 36. f3 Bxb4 37. Be1 Bd6 38. Ra1 Rb6 39. Ba5 Ra6 40. Bd8 Rb6 41. Ra7+ Ne7 1-0

[Event "Cesme op-A 9th"]
[Site "Cesme"]
[Date "2023.06.24"]
[Round "8"]
[White "Unat, Can Haktan"]
[Black "Abdullayev, Azer"]
[Result "1/2-1/2"]
[WhiteElo "2276"]
[BlackElo "2022"]
[PlyCount "148"]
[EventDate "2023.06.19"]
[EventType "swiss"]
[EventRounds "9"]
[EventCountry "TUR"]
[SourceTitle "CBM 214 Extra"]
[Source "ChessBase"]
[SourceDate "2023.07.31"]
[SourceVersion "1"]
[SourceVersionDate "2023.07.31"]
[SourceQuality "1"]

1. e4 e5 2. Nf3 Nc6 3. Bc4 Bc5 4. c3 Nf6 5. d4 exd4 6. e5 d5 7. Bb5 Ne4 8. cxd4 Bb6 9. Nc3 0-0 10. Be3 Bf5 11. h3 f6 12. 0-0 Ne7 13. exf6 Nxf6 14. Re1 c6 15. Bd3 Bxd3 16. Qxd3 Ng6 17. Bg5 Qd7 18. Re2 Nh5 19. Ne5 Nxe5 20. Rxe5 Nf4 21. Bxf4 Rxf4 22. Ne2 Rf6 23. Qe3 Rf7 24. Rf1 Raf8 25. a3 Bc7 26. Re6 Bd6 27. b4 Re7 28. Rxe7 Qxe7 29. Qxe7 Bxe7 30. Rb1 Ra8 31. a4 Kf7 32. Nc3 Bf6 33. Rd1 a5 34. bxa5 Rxa5 35. Kf1 c5 36. Nb5 cxd4 37. Nd6+ Ke7 38. Nxb7 Rxa4 39. Nc5 Ra2 40. Nb3 Kd6 41. Nxd4 Bxd4 42. Rxd4 Kc5 43. Rf4 g6 44. Ke1 d4 45. Kd1 Kc4 46. Rf3 Ra1+ 47. Kd2 Ra2+ 48. Kd1 g5 49. Kc1 h5 50. g4 hxg4 51. hxg4 Ra1+ 52. Kd2 Ra2+ 53. Kd1 Kd5 54. Rf8 Ke4 55. Ke1 Kd3 56. Rf3+ Kc2 57. Ke2 Ra5 58. Rf8 Re5+ 59. Kf3 d3 60. Rc8+ Kd1 61. Kg2 Ke2 62. Ra8 d2 63. Ra2 Ke1 64. f4 gxf4 65. Rxd2 Kxd2 66. Kf3 Re8 67. Kxf4 Rf8+ 68. Ke5 Ke3 69. g5 Kf3 70. g6 Kg4 71. g7 Ra8 72. Kf6 Kf4 73. Kf7 Kf5 74. g8Q Rxg8 1/2-1/2

[Event "TUR-chT 1st League"]
[Site "Konya"]
[Date "2022.08.26"]
[Round "7.2"]
[White "Apaydin, Fethi"]
[Black "Abdullayev, Azer"]
[Result "1-0"]
[WhiteElo "2317"]
[BlackElo "2018"]
[PlyCount "87"]
[EventDate "2022.08.22"]
[EventType "team-swiss"]
[EventRounds "9"]
[EventCountry "TUR"]
[SourceTitle "CBM 209 Extra"]
[Source "ChessBase"]
[SourceDate "2022.09.30"]
[SourceVersion "1"]
[SourceVersionDate "2022.09.30"]
[SourceQuality "1"]
[WhiteTeam "Apaydin Dernegi"]
[BlackTeam "Genc Akademisyenler"]
[WhiteTeamCountry "TUR"]
[BlackTeamCountry "TUR"]

1. e4 e5 2. Nc3 Nf6 3. g3 d5 4. exd5 Nxd5 5. Bg2 Nxc3 6. bxc3 Bc5 7. Nf3 Nc6 8. 0-0 0-0 9. Re1 Qf6 10. d3 Bg4 11. h3 Bh5 12. Rb1 Bb6 13. g4 Bg6 14. Bg5 Qd6 15. Nd2 f6 16. Be3 Rab8 17. Rb5 Ne7 18. Qe2 Bxe3 19. Qxe3 b6 20. f4 Qd7 21. c4 a6 22. Rbb1 Nc6 23. Qf3 Nd4 24. Qd5+ Qxd5 25. Bxd5+ Bf7 26. fxe5 Bxd5 27. cxd5 Nxc2 28. Rec1 Nd4 29. Rxc7 fxe5 30. d6 Ne2+ 31. Kh1 Nf4 32. Ne4 Nxd3 33. d7 Rbd8 34. Rxb6 Rf7 35. Rd6 Nf4 36. Rc8 Rff8 37. Rxd8 Rxd8 38. Nc5 Kf7 39. Rxa6 Ke7 40. Kh2 Rb8 41. Kg3 Rb2 42. Ra8 Rg2+ 43. Kf3 Rd2 44. Re8+ 1-0

[Event "TUR-chT 1st League"]
[Site "Konya"]
[Date "2022.08.22"]
[Round "1.2"]
[White "Ozer, Omer Faruk"]
[Black "Abdullayev, Azer"]
[Result "1-0"]
[WhiteElo "2323"]
[BlackElo "2018"]
[PlyCount "34"]
[EventDate "2022.08.22"]
[EventType "team-swiss"]
[EventRounds "9"]
[EventCountry "TUR"]
[SourceTitle "CBM 209 Extra"]
[Source "ChessBase"]
[SourceDate "2022.09.30"]
[SourceVersion "1"]
[SourceVersionDate "2022.09.30"]
[SourceQuality "1"]
[WhiteTeam "Hukukcu Fenerbahceliler"]
[BlackTeam "Genc Akademisyenler"]
[WhiteTeamCountry "TUR"]
[BlackTeamCountry "TUR"]

1. d4 Nf6 2. c4 g6 3. Nc3 Bg7 4. e4 d6 5. Nge2 e5 6. d5 a5 7. Ng3 Nbd7 8. Be2 Nc5 9. h4 h5 10. Bg5 Bh6 11. Bxh6 Rxh6 12. Qd2 Rh8 13. 0-0-0 Qe7 14. Rdf1 b6 15. b3 Ba6 16. Bd3 Nfd7 17. Nge2 Rb8 1-0

[Event "Nakhchivan Sunday IM 3rd"]
[Site "Nakhchivan"]
[Date "2022.03.26"]
[Round "9"]
[White "Abdullayev, Azer"]
[Black "Aslanov, Umid Fuad"]
[Result "0-1"]
[WhiteElo "2018"]
[BlackElo "2226"]
[PlyCount "50"]
[EventDate "2022.03.20"]
[EventType "tourn"]
[EventRounds "9"]
[EventCountry "AZE"]
[EventCategory "1"]
[SourceTitle "CBM 207 Extra"]
[Source "ChessBase"]
[SourceDate "2022.05.31"]
[SourceVersion "1"]
[SourceVersionDate "2022.05.31"]
[SourceQuality "1"]

1. d4 d5 2. c4 e6 3. Nc3 Be7 4. e4 dxe4 5. Nxe4 Nf6 6. Nc3 0-0 7. Nf3 b6 8. Be2 Bb7 9. 0-0 h6 10. Be3 Nbd7 11. d5 exd5 12. cxd5 Bc5 13. Bxc5 Nxc5 14. Bc4 a6 15. Qd4 Re8 16. d6 cxd6 17. Rad1 Nce4 18. Nxe4 Rxe4 19. Qd3 Rg4 20. Bb3 Qd7 21. h3 Be4 22. Qe3 Rg6 23. Ne5 Rxg2+ 24. Kh1 Rg3+ 25. Qxe4 Qxh3# 0-1

[Event "Nakhchivan Sunday IM 3rd"]
[Site "Nakhchivan"]
[Date "2022.03.20"]
[Round "1"]
[White "Talibov, Shiroghlan"]
[Black "Abdullayev, Azer"]
[Result "1-0"]
[WhiteElo "2318"]
[BlackElo "2018"]
[PlyCount "113"]
[EventDate "2022.03.20"]
[EventType "tourn"]
[EventRounds "9"]
[EventCountry "AZE"]
[EventCategory "1"]
[SourceTitle "CBM 207 Extra"]
[Source "ChessBase"]
[SourceDate "2022.05.31"]
[SourceVersion "1"]
[SourceVersionDate "2022.05.31"]
[SourceQuality "1"]

1. c4 Nf6 2. Nc3 g6 3. d4 Bg7 4. e4 d6 5. f4 0-0 6. Nf3 c5 7. d5 e6 8. Be2 exd5 9. cxd5 Re8 10. Nd2 b6 11. 0-0 Ba6 12. a4 Bxe2 13. Qxe2 a6 14. Qf3 Nbd7 15. Nc4 Qc7 16. Kh1 Rab8 17. e5 dxe5 18. fxe5 Nxe5 19. Nxe5 Rxe5 20. Bf4 Nd7 21. Rad1 Qb7 22. Ne4 Rf8 23. Bxe5 Bxe5 24. d6 Kg7 25. b3 h6 26. Rfe1 Qb8 27. Qe2 f5 28. Nd2 b5 29. axb5 axb5 30. Nf3 Bc3 31. Qe6 Bxe1 32. Qxd7+ Rf7 33. Qe6 Bc3 34. d7 Qd8 35. Rd6 Bf6 36. h4 c4 37. bxc4 bxc4 38. Ne5 Rf8 39. h5 Qe7 40. Qxe7+ Bxe7 41. Rxg6+ Kh7 42. Re6 Bd8 43. Re8 Rg8 44. Nxc4 Bc7 45. Nd6 Rg5 46. d8Q Rxh5+ 47. Kg1 Bxd8 48. Rxd8 Kg7 49. Kf2 Rg5 50. Kf3 h5 51. Rd7+ Kf6 52. Ne8+ Ke5 53. Re7+ Kd4 54. Rg7 Rg4 55. Rxg4+ fxg4+ 56. Kf4 g3 57. Kxg3 1-0

[Event "Kiev Spring op"]
[Site "Kiev"]
[Date "2021.07.17"]
[Round "9"]
[White "Ahmad, Khagan"]
[Black "Abdullayev, Azer"]
[Result "1-0"]
[WhiteElo "1750"]
[BlackElo "2039"]
[PlyCount "117"]
[EventDate "2021.07.10"]
[EventType "swiss"]
[EventRounds "9"]
[EventCountry "UKR"]
[SourceTitle "EXT 2024"]
[Source "ChessBase"]
[SourceDate "2023.10.10"]
[SourceVersion "1"]
[SourceVersionDate "2023.10.10"]
[SourceQuality "1"]

1. e4 e5 2. Nf3 Nc6 3. Bb5 a6 4. Ba4 Nf6 5. 0-0 Be7 6. Re1 b5 7. Bb3 0-0 8. d4 d6 9. c3 Bg4 10. Be3 exd4 11. cxd4 Na5 12. Bc2 c5 13. Nc3 Nc4 14. Bc1 b4 15. Qd3 bxc3 16. Qxc4 Bxf3 17. gxf3 cxb2 18. Bxb2 cxd4 19. Qxd4 Qa5 20. Kh1 Qh5 21. Qd3 Nd7 22. Rg1 Ne5 23. Qe3 Bf6 24. Rg2 g6 25. Bxe5 Bxe5 26. Rb1 Rfc8 27. Bd3 Qh4 28. Qg5 Qxg5 29. Rxg5 Rc3 30. Rb3 Rxb3 31. axb3 Rc8 32. Bxa6 Rc3 33. Bc4 Rxf3 34. Rg2 Bd4 35. Kg1 h5 36. Kf1 Rc3 37. Rxg6+ Kf8 38. Rxd6 Be5 39. Rd7 f6 40. Rf7+ Ke8 41. Rh7 Rh3 42. Bf7+ Kf8 43. Rxh5 Rxh2 44. Rxh2 Bxh2 45. Bd5 Ke7 46. Ke2 Kd6 47. b4 Ke5 48. Kd3 Bg1 49. f3 Kf4 50. Kc4 Bb6 51. Be6 Kxf3 52. Bf5 Ke3 53. Kb5 Bd8 54. Kc6 Kd4 55. b5 Ke5 56. b6 Be7 57. b7 Bd6 58. Kd7 Bb8 59. Kc8 1-0

[Event "Kiev Spring op"]
[Site "Kiev"]
[Date "2021.07.14"]
[Round "6"]
[White "Abdullayev, Azer"]
[Black "Budnikov, Oleg"]
[Result "0-1"]
[WhiteElo "2039"]
[BlackElo "2413"]
[PlyCount "52"]
[EventDate "2021.07.10"]
[EventType "swiss"]
[EventRounds "9"]
[EventCountry "UKR"]
[SourceTitle "EXT 2024"]
[Source "ChessBase"]
[SourceDate "2023.10.10"]
[SourceVersion "1"]
[SourceVersionDate "2023.10.10"]
[SourceQuality "1"]

1. d4 d5 2. c4 e6 3. Nc3 c6 4. e3 Nf6 5. Nf3 Nbd7 6. Bd3 Bb4 7. 0-0 0-0 8. a3 Ba5 9. b4 Bc7 10. cxd5 exd5 11. b5 c5 12. a4 Re8 13. Ba3 c4 14. Bc2 Nf8 15. h3 Ng6 16. Bb4 Bd7 17. Re1 Qc8 18. Kf1 Bxh3 19. Ne5 Nxe5 20. dxe5 Rxe5 21. gxh3 Qxh3+ 22. Ke2 Rxe3+ 23. Kd2 Rxe1 24. Qxe1 Re8 25. Ne2 d4 26. Qh1 c3+ 0-1

[Event "Kiev Spring op"]
[Site "Kiev"]
[Date "2021.07.10"]
[Round "1"]
[White "Nezhyvenko, Mykhaylo"]
[Black "Abdullayev, Azer"]
[Result "0-1"]
[WhiteElo "1288"]
[BlackElo "2039"]
[PlyCount "110"]
[EventDate "2021.07.10"]
[EventType "swiss"]
[EventRounds "9"]
[EventCountry "UKR"]
[SourceTitle "EXT 2024"]
[Source "ChessBase"]
[SourceDate "2023.10.10"]
[SourceVersion "1"]
[SourceVersionDate "2023.10.10"]
[SourceQuality "1"]

1. d4 d5 2. Nc3 Nf6 3. Bf4 e6 4. e3 a6 5. g4 c5 6. g5 Nfd7 7. Qd2 b5 8. Bg2 Bb7 9. h4 Qb6 10. h5 Bd6 11. dxc5 Bxc5 12. 0-0-0 Nc6 13. Nge2 0-0-0 14. Bxd5 Ndb8 15. Bxc6 Rxd2 16. Bxb7+ Qxb7 17. Kxd2 b4 18. Na4 Qd7+ 19. Kc1 Qxa4 20. Kb1 Qc6 21. Nd4 Bxd4 22. exd4 Nd7 23. d5 exd5 24. Rd4 Re8 25. Rxb4 Re4 26. Rxe4 dxe4 27. Rd1 Qc5 28. Be3 Qe7 29. Rd5 Qe6 30. Rd4 Qg4 31. b3 Qxh5 32. Kb2 Qg4 33. Rc4+ Kd8 34. Ra4 Qe6 35. Rc4 f5 36. a4 Qd6 37. Bd4 Ne5 38. Bxe5 Qxe5+ 39. c3 f4 40. Rd4+ Kc7 41. Kc2 e3 42. fxe3 Qxe3 43. a5 f3 44. Rc4+ Kd7 45. Rd4+ Ke7 46. Rd2 f2 47. Rd1 Qe2+ 48. Kc1 f1N 49. Rxf1 Qxf1+ 50. Kb2 Kd6 51. Ka3 Kc5 52. b4+ Kc4 53. Kb2 Qe2+ 54. Ka3 Qc2 55. g6 Qb3# 0-1

[Event "EU-ch Online U2300 Final"]
[Site "Chess.com INT"]
[Date "2020.05.26"]
[Round "7"]
[White "Abdullayev, Azer"]
[Black "Novikova, Galina"]
[Result "1-0"]
[WhiteElo "2039"]
[BlackElo "2073"]
[PlyCount "45"]
[EventDate "2020.05.26"]
[EventType "swiss"]
[EventRounds "8"]
[EventCountry "NET"]
[SourceTitle "CBM 196 Extra"]
[Source "ChessBase"]
[SourceDate "2020.07.31"]
[SourceVersion "1"]
[SourceVersionDate "2020.07.31"]
[SourceQuality "1"]

1. d4 d5 2. c4 e6 3. Nc3 c6 4. e3 f5 5. g4 Nf6 6. gxf5 exf5 7. cxd5 cxd5 8. Qa4+ Nc6 9. Bd3 Be7 10. Nge2 0-0 11. Nf4 Kh8 12. h4 Nb4 13. Be2 Ne4 14. h5 Bh4 15. Nxe4 dxe4 16. Qxb4 Bd7 17. Bd2 Rc8 18. Bc3 Bf6 19. Ng6+ hxg6 20. hxg6+ Bh4 21. Bc4 Rc6 22. Qxf8+ Qxf8 23. Rxh4# 1-0

[Event "EU-ch Online U2300 Qual"]
[Site "Chess.com INT"]
[Date "2020.05.25"]
[Round "3"]
[White "Riabov, Alexander"]
[Black "Abdullayev, Azer"]
[Result "0-1"]
[WhiteElo "2004"]
[BlackElo "2039"]
[PlyCount "102"]
[EventDate "2020.05.25"]
[EventType "swiss"]
[EventRounds "8"]
[EventCountry "NET"]
[SourceTitle "EXT 2021"]
[Source "ChessBase"]
[SourceDate "2020.10.23"]
[SourceVersion "1"]
[SourceVersionDate "2020.10.23"]
[SourceQuality "1"]

1. e4 e5 2. Nf3 Nc6 3. d4 exd4 4. Bc4 Nf6 5. 0-0 Nxe4 6. Re1 d5 7. Bxd5 Qxd5 8. Nc3 Qa5 9. Nxe4 Be6 10. Neg5 0-0-0 11. Nxe6 fxe6 12. Rxe6 Be7 13. Qe2 Bf6 14. Bd2 d3 15. cxd3 Qf5 16. Bc3 Bxc3 17. bxc3 Qxd3 18. Rc1 Qxe2 19. Rxe2 Rhe8 20. Kf1 Rxe2 21. Kxe2 Rd5 22. Rd1 Ra5 23. Rd2 Ra3 24. Rc2 Kd7 25. Nd2 b5 26. Nb3 a5 27. Kd2 Kd6 28. Kc1 Ra4 29. Rd2+ Ke7 30. Re2+ Kf7 31. Kb2 Rc4 32. Rd2 a4 33. Nc1 Ne5 34. Nd3 Nxd3+ 35. Rxd3 Ke6 36. Re3+ Kd6 37. Kc2 b4 38. Kd2 b3 39. axb3 axb3 40. Kc1 Rf4 41. Kb2 Rxf2+ 42. Kxb3 Rxg2 43. h3 h5 44. Kc4 h4 45. Kd4 Rg3 46. Rxg3 hxg3 47. Ke3 Kc5 48. Kf3 Kc4 49. Ke3 Kxc3 50. Kf3 c5 51. Kxg3 c4 0-1

[Event "Cesme op-A 7th"]
[Site "Cesme"]
[Date "2019.06.26"]
[Round "4"]
[White "Kucuksari, Kaan"]
[Black "Abdullayev, Azer"]
[Result "1-0"]
[WhiteElo "2299"]
[BlackElo "2064"]
[PlyCount "49"]
[EventDate "2019.06.24"]
[EventType "swiss"]
[EventRounds "9"]
[EventCountry "TUR"]
[SourceTitle "CBM 191 Extra"]
[Source "ChessBase"]
[SourceDate "2019.09.30"]
[SourceVersion "1"]
[SourceVersionDate "2019.09.30"]
[SourceQuality "1"]

1. d4 d5 2. Nf3 Nf6 3. e3 e6 4. Bd3 c5 5. b3 Nc6 6. 0-0 Bd6 7. Bb2 Qc7 8. c4 dxc4 9. bxc4 0-0 10. Nc3 a6 11. a3 b6 12. Ng5 cxd4 13. exd4 Bxh2+ 14. Kh1 Bf4 15. Nge4 Nxe4 16. Bxe4 Bb7 17. g3 Bd6 18. Kg2 Na5 19. Qf3 Bxe4 20. Nxe4 Nxc4 21. Rac1 b5 22. d5 e5 23. Nf6+ Kh8 24. Rh1 h6 25. Qf5 1-0

[Event "Manisa Yunusemre"]
[Site "Manisa"]
[Date "2019.05.02"]
[Round "6.4"]
[White "Abdullayev, Azer"]
[Black "Mammadova, Narmin Fazahir Qizi"]
[Result "0-1"]
[WhiteElo "2074"]
[BlackElo "2292"]
[PlyCount "78"]
[EventDate "2019.04.29"]
[EventType "schev"]
[EventRounds "10"]
[EventCountry "TUR"]
[SourceTitle "CBM 190 Extra"]
[Source "ChessBase"]
[SourceDate "2019.07.15"]
[SourceVersion "1"]
[SourceVersionDate "2019.07.15"]
[SourceQuality "1"]
[WhiteTeam "Turkuaz"]
[BlackTeam "Blue Team"]
[WhiteTeamCountry "TUR"]
[BlackTeamCountry "TUR"]

1. d4 d5 2. c4 c6 3. Nf3 Nf6 4. Nc3 e6 5. e3 Nbd7 6. Bd3 dxc4 7. Bxc4 b5 8. Bd3 a6 9. e4 b4 10. Na4 Bb7 11. Bg5 h6 12. Bh4 Qa5 13. 0-0 Be7 14. e5 Nd5 15. Bxe7 Kxe7 16. Rc1 Rhd8 17. Qb3 Nf4 18. Nc5 Nxc5 19. Rxc5 Qb6 20. Rfc1 a5 21. a4 g5 22. h3 Rd7 23. Kh2 Rg8 24. Bf1 Rdd8 25. Qe3 Nd5 26. Qe4 h5 27. Nd2 Qc7 28. g3 h4 29. Nc4 f5 30. exf6+ Nxf6 31. Qe5 Qxe5 32. dxe5 Ne4 33. Rxa5 Rgf8 34. Rc2 hxg3+ 35. Kg2 c5 36. Ra7 Rd7 37. Nb6 Nxf2+ 38. Kg1 Nxh3+ 39. Bxh3 Rd1+ 0-1

[Event "Manisa Yunusemre"]
[Site "Manisa"]
[Date "2019.05.01"]
[Round "4.1"]
[White "Abdullayev, Azer"]
[Black "Simantsev, Mikhail"]
[Result "0-1"]
[WhiteElo "2074"]
[BlackElo "2395"]
[PlyCount "88"]
[EventDate "2019.04.29"]
[EventType "schev"]
[EventRounds "10"]
[EventCountry "TUR"]
[SourceTitle "CBM 190 Extra"]
[Source "ChessBase"]
[SourceDate "2019.07.15"]
[SourceVersion "1"]
[SourceVersionDate "2019.07.15"]
[SourceQuality "1"]
[WhiteTeam "Turkuaz"]
[BlackTeam "Blue Team"]
[WhiteTeamCountry "TUR"]
[BlackTeamCountry "TUR"]

1. d4 Nf6 2. c4 e6 3. Nf3 c5 4. d5 exd5 5. cxd5 Bd6 6. g3 Bc7 7. Bg2 d6 8. 0-0 0-0 9. Nfd2 Nbd7 10. a4 a6 11. Nc4 Nb6 12. Nca3 Bd7 13. a5 Nc8 14. Nc4 Bb5 15. Nbd2 Re8 16. b3 b6 17. axb6 Nxb6 18. e4 a5 19. Re1 Rb8 20. h3 Nfd7 21. f4 a4 22. Nxb6 Nxb6 23. bxa4 Bd3 24. Bf1 Qf6 25. e5 Qg6 26. Qf3 Bxf1 27. Rxf1 dxe5 28. a5 e4 29. Nxe4 Nxd5 30. Ng5 Nb4 31. h4 Nc2 32. Ra2 Nd4 33. Qg2 h6 34. Nf3 Ra8 35. Nxd4 cxd4 36. Bd2 d3 37. Rf2 Bb6 38. axb6 Rxa2 39. b7 Qb6 40. Kh2 Rb8 41. f5 Qxb7 42. Qf1 Qe4 43. f6 Rbb2 44. Qc1 Rxd2 0-1

[Event "Brest Black Pawn op 2nd"]
[Site "Brest"]
[Date "2018.11.04"]
[Round "5"]
[White "Abdullayev, Azer"]
[Black "Khulapov, Vyacheslav"]
[Result "0-1"]
[WhiteElo "2076"]
[BlackElo "2107"]
[PlyCount "84"]
[EventDate "2018.11.02"]
[EventType "swiss"]
[EventRounds "5"]
[EventCountry "BLR"]
[SourceTitle "CBM 187 Extra"]
[Source "ChessBase"]
[SourceDate "2018.11.04"]
[SourceVersion "1"]
[SourceVersionDate "2018.11.04"]
[SourceQuality "1"]

1. d4 f5 2. Nf3 Nf6 3. g3 g6 4. b3 Bg7 5. Bb2 0-0 6. Bg2 d6 7. 0-0 c6 8. c4 Qe8 9. d5 Na6 10. Nd4 Bd7 11. Nc3 Nc7 12. Qd2 h6 13. Rfe1 c5 14. Nf3 b5 15. Qc2 b4 16. Nd1 a5 17. Nd2 a4 18. Rb1 Qf7 19. e4 axb3 20. axb3 Ra2 21. f4 Ng4 22. h3 Bd4+ 23. Kh1 Nf2+ 24. Nxf2 Bxf2 25. e5 Bxe1 26. Rxe1 dxe5 27. Rxe5 Ne8 28. d6 Nxd6 29. Rxc5 Rc8 30. Rxc8+ Bxc8 31. Qb1 Ra5 32. Qg1 Qe6 33. c5 Ne8 34. Qd4 Qf6 35. Qxb4 Qa6 36. Qd4 Bb7 37. Qh8+ Kf7 38. Qh7+ Ke6 39. Qg8+ Kd7 40. Nf3 Bxf3 41. Bxf3 Qf1+ 42. Kh2 Qxf3 0-1

[Event "Brest Black Pawn op 2nd"]
[Site "Brest"]
[Date "2018.11.03"]
[Round "4"]
[White "Bulanov, Dmitri"]
[Black "Abdullayev, Azer"]
[Result "1-0"]
[WhiteElo "2363"]
[BlackElo "2076"]
[PlyCount "73"]
[EventDate "2018.11.02"]
[EventType "swiss"]
[EventRounds "5"]
[EventCountry "BLR"]
[SourceTitle "CBM 187 Extra"]
[Source "ChessBase"]
[SourceDate "2018.11.04"]
[SourceVersion "1"]
[SourceVersionDate "2018.11.04"]
[SourceQuality "1"]

1. e4 e5 2. Nf3 Nc6 3. d4 exd4 4. Nxd4 Bc5 5. Nb3 Bb6 6. Nc3 Qf6 7. Qe2 Nge7 8. Be3 0-0 9. 0-0-0 d6 10. h3 Be6 11. f4 Bxb3 12. axb3 Nd4 13. Qf2 Ne6 14. g3 Bxe3+ 15. Qxe3 a5 16. Bc4 Rfd8 17. Rhe1 Qh6 18. Nb5 Rd7 19. Rf1 Rad8 20. g4 c6 21. g5 Qh4 22. Bxe6 fxe6 23. Nd4 e5 24. Ne6 Re8 25. fxe5 d5 26. Nc5 Rc7 27. e6 dxe4 28. Rf7 Nd5 29. Rxd5 cxd5 30. Rxc7 b6 31. Kb1 bxc5 32. Qxc5 Qxg5 33. Rc8 Qg6 34. Qc6 Kf8 35. Qd6+ Kg8 36. Qd7 Rf8 37. Rxf8+ 1-0

[Event "Yunusemre"]
[Site "Manisa"]
[Date "2018.04.24"]
[Round "1.5"]
[White "Abdullayev, Azer"]
[Black "Tereladze, Sopiko"]
[Result "1/2-1/2"]
[WhiteElo "2028"]
[BlackElo "2186"]
[PlyCount "81"]
[EventDate "2018.04.24"]
[EventType "schev"]
[EventRounds "10"]
[EventCountry "TUR"]
[SourceTitle "CBM 184 Extra"]
[Source "ChessBase"]
[SourceDate "2018.06.28"]
[SourceVersion "1"]
[SourceVersionDate "2018.06.28"]
[SourceQuality "1"]
[WhiteTeam "Green Team"]
[BlackTeam "Blue Team"]
[WhiteTeamCountry "TUR"]
[BlackTeamCountry "TUR"]

1. Nf3 Nf6 2. g3 c5 3. Bg2 Nc6 4. 0-0 d5 5. d3 e5 6. Nbd2 Be7 7. e4 dxe4 8. dxe4 0-0 9. c3 Re8 10. Qc2 Qc7 11. Nc4 Be6 12. Nfd2 Rad8 13. f4 exf4 14. gxf4 Nh5 15. e5 f5 16. Ne3 g6 17. a4 Bf8 18. Ndc4 Bh6 19. Nd6 Rxd6 20. exd6 Qxd6 21. Rd1 Qc7 22. Nd5 Bxd5 23. Bxd5+ Kg7 24. Qf2 Bxf4 25. Bf3 Bxc1 26. Raxc1 Nf4 27. Qd2 Re7 28. Kh1 g5 29. Qd6 Qxd6 30. Rxd6 Ne5 31. Re1 b6 32. Bd1 Kf7 33. Bc2 Neg6 34. Bb3+ Ke8 35. Rxe7+ Kxe7 36. Rc6 Ne5 37. Rh6 c4 38. Bc2 Nfd3 39. Rxh7+ Kd6 40. Rxa7 f4 41. Ra6 1/2-1/2

[Event "Ankara Baskent Univ op 2nd"]
[Site "Ankara"]
[Date "2017.07.03"]
[Round "5"]
[White "Abdullayev, Azer"]
[Black "Khamrakulov, Djurabek"]
[Result "0-1"]
[WhiteElo "2006"]
[BlackElo "2478"]
[PlyCount "82"]
[EventDate "2017.06.30"]
[EventType "swiss"]
[EventRounds "9"]
[EventCountry "TUR"]
[SourceTitle "CBM 179 Extra"]
[Source "ChessBase"]
[SourceDate "2017.08.23"]
[SourceVersion "1"]
[SourceVersionDate "2017.08.23"]
[SourceQuality "1"]

1. d4 Nf6 2. c4 e6 3. Nf3 c5 4. d5 b5 5. Bg5 b4 6. e4 d6 7. Bd3 Be7 8. a3 a5 9. axb4 cxb4 10. dxe6 Bxe6 11. Nd4 0-0 12. Nd2 Nfd7 13. Bxe7 Qxe7 14. 0-0 Qf6 15. N2b3 a4 16. Be2 Rc8 17. Nxe6 fxe6 18. Qxd6 Qxb2 19. Qxb4 Qxe2 20. Qb7 Rxc4 21. Rfe1 axb3 22. Qxa8 Qc2 23. Rab1 Kf7 24. Qa3 Nc5 25. Rbc1 Qd2 26. Rcd1 Qb4 27. Qa7+ Qb7 28. Qa3 Nbd7 29. Re3 b2 30. Ree1 Ne5 31. Qh3 Ncd3 32. Qh5+ Kf8 33. Qxh7 Nxe1 34. Rd8+ Kf7 35. Rg8 N1f3+ 36. gxf3 Nxf3+ 37. Kg2 Nh4+ 38. Kh3 Nf5 39. Rh8 Nh6 40. Qxh6 Qb3+ 41. Qe3 Qxe3+ 0-1